Top 25 Country Music Stars of All Time - Statistics

General Stats
  • This quiz has been taken 179 times
  • The average score is 12 of 25
Answer Stats
Place Songs Years Answer % Correct
3 Hurt, I Walk the Line, Ring of Fire 1932-2003 Johnny Cash
95%
8 Jolene, I Will Always Love You, Coat of Many Colors 1946- Dolly Parton
93%
10 Friends in Low Places, The River, She's Every Woman 1962- Garth Brooks
85%
2 I'm so Lonesome I Could Cry, Your Cheatin' Heart 1923-1953 Hank Williams
84%
6 On the Road Again, Blue Eyes Cryin' in the Rain 1933- Willie Nelson
82%
25 Man! I Feel Like a Woman, You're Still the One 1965- Shania Twain
78%
20 Amarillo by Morning, Fool Hearted Memory 1952- George Strait
76%
1 Mama Tried, Okie from Muskogee 1937-2016 Merle Haggard
73%
4 Coal Miner's Daughter, The Pill 1932-2022 Loretta Lynn
59%
7 Are You Sure Hank Done It This Way, I've Always been Crazy 1937-2002 Waylon Jennings
54%
12 Crazy, I Fall to Pieces, She's Got You 1932-1963 Patsy Cline
51%
21 Hello Darlin', It's Only Make Believe 1933-1993 Conway Twitty
49%
9 Golden Ring, White Lightning, She Thinks I Still Care 1931-2013 George Jones
47%
16 Stand by Your Man, I Don't Want to Play House 1942-1998 Tammy Wynette
46%
17 Wichita Lineman, Galveston, By the Time I get to Phoenix 1936-2017 Glen Campbell
39%
19 King of the Road, England Swings, Dang Me 1936-1992 Roger Miller
26%
5 Wildwood Flower, Keep on the Sunny Side (clue: a family) NA Carter Family
24%
13 Act Naturally, Crying Time, Together Again 1929-2006 Buck Owens
22%
11 Blue Yodel No. 1, In the Jailhouse Now 1897-1933 Jimmie Rodgers
22%
15 Heartaches by the Number, Crazy Arms 1926-2013 Ray Price
14%
18 Make the World Go Away, You Don’t Know Me 1918-2008 Eddy Arnold
11%
23 Walking the Floor Over You, Soldier’s Last Letter 1914-1984 Ernest Tubb
11%
23 The Christian Life, The Great Atomic Power (clue: brothers) NA The Louvin Brothers
9%
22 If You’ve Got the Money I’ve Got the Time 1928-1975 Lefty Frizzell
7%
14 I’m Sitting on Top of the World, Take Me Back to Tulsa NA Bob Wills & Texas Playboys
5%
No matching quizzes found
Score Distribution
Percent of People with Each Score
Percentile by Number Answered
Your Score History
You have not taken this quiz